Państwa Europy z największą ilością bobrów - Statystyki

Ogólne statystyki
  • Ten quiz został rozwiązany 37 razy
  • Średni wynik to 18 z 20
Statystyki odpowiedzi
Populacja Państwo % Poprawnych
35 000 Niemcy
100%
>80 000 Norwegia
100%
124 622 Polska
100%
700 000 Rosja
100%
130 000 Szwecja
100%
~3 900 FInlandia
97%
18 000 Estonia
94%
121 000 Litwa
94%
~125 000 Łotwa
94%
46 000 Ukraina
94%
51 100 Białoruś
91%
>6 000 Czechy
91%
>14 000 Francja
88%
~8 650 Słowacja
88%
7 600 Austria
85%
~16 450 Węgry
85%
~3 050 Holandia
82%
2 800 Szwajcaria
82%
~2 300 Belgia
79%
10 000 Chorwacja
73%
Nie znaleziono quizów pasujących do podanych kryteriów
Rozkład punktacji
Procent ludzi z każdym wynikiem
Percentyl według liczby udzielonych odpowiedzi
Twoja historia wyników
Nie rozwiązałeś tego quizu